00323pab a2200109 454500008004000000100002700040245008200067260000900149300001400158650002000172773002100192180718b2004 xxu||||| |||| 00| 0 eng d aEdison, Hali J. et al. aCapital account liberalization and economic performance: survey and synthesis c2004 ap.220-56. aEconomic growth aIMF Staff Papers